[Event "40th IND-chT Open 2020"]
[Site "Ahmedabad"]
[Date "2020.02.12"]
[Round "8.24"]
[White "Chudasama Ankit"]
[Black "Sinha, Santosh Kumar"]
[Result "0-1"]
[WhiteElo "1824"]
[BlackElo "1942"]
[Annotator "NA RC"]
[PlyCount "42"]
[EventDate "2020.02.05"]
[EventCountry "IND"]
[SourceTitle "playchess.com"]
[Source "ChessBase"]
[SourceQuality "1"]
[TimeControl "5400+30"]

{[%evp 8,42,3,18,23,5,1,-30,-15,-135,-119,-129,-123,-126,32767,32767,32767,32767,32767,32767,-142,-139,-147,-153,-141,-266,-241,-498,32767,-584,-479,-807,-787,-1010,-1118,-1683,-1700]} 1. d4 {[%emt 1:30:30]} d5 {[%emt 1:30:30]} 2. c4 {[%emt 0:00:30]} c6 {[%emt 0:00:30]} 3. Nf3 {[%emt 0:00:30]} Nf6 {[%emt 0:00:30]} 4. Nc3 {[%emt 0:00:30]} dxc4 {[%emt 0:00:30]} 5. a4 {[%emt 0:00:30]} Bf5 {[%emt 0:00:30]} 6. Ne5 {[%emt 0:00:30]} e6 {[%emt 0:00:30]} 7. Nxc4 {[%emt 0:00:30]} Bb4 {[%emt 0:00:30] [#]} 8. Ne3 $146 {[%emt 0:00:30] D17: Slav Defence: 5 a4 Bf5: Lines with 6 Nh4 and 6 Ne5.} (8. f3 $11) ({Predecessor:} 8. e3 O-O 9. Be2 c5 10. O-O cxd4 11. exd4 Nc6 12. Be3 Nd5 13. Qb3 a5 14. Rad1 Rc8 15. Bf3 Nce7 16. Nb5 {0-1 (31) Konopka,M (2421)-Spalir,J (2361) Zillertal 2015}) 8... Bg6 {[%emt 0:00:30]} 9. Nc2 {[%emt 0:00:30]} Bxc2 {[%emt 0:00:30]} 10. Qxc2 {[%emt 0:00:30]} Qxd4 {[%emt 0:00:30]} 11. e3 {[%emt 0:00:30]} Qe4 {[%emt 0:00:30]} 12. Qb3 {[%emt 0:00:30]} a5 {[%emt 0:00:30]} 13. Bd2 {[%emt 0:00:30]} Qf5 {[%emt 0:00:30]} 14. f3 {[%emt 0:00:30]} Nbd7 {[%emt 0:00:30]} 15. e4 {[%emt 0:00:30]} Qc5 {[%emt 0:00:30]} 16. Ke2 {[%emt 0:00:30]} (16. O-O-O $17 {was necessary.}) 16... Qh5 {[%emt 0:00:30]} 17. g4 $2 {[%emt 0:00:30] [#]} (17. Qc2) 17... Nxg4 $1 {[%emt 0:00:30]} 18. Na2 {[%emt 0:00:30]} Nc5 {[%emt 0:00:30]} 19. Qc2 {[%emt 0:00:30]} (19. fxg4 $142 Qxg4+ 20. Qf3 Qxf3+ {[%mdl 64] Overworked Piece} 21. Kxf3 Bxd2 22. Rg1) 19... Ne5 {[%emt 0:00:30]} 20. Nxb4 {[%emt 0:00:30]} Nxf3 {[%emt 0:00:30]} 21. Qc3 {[%emt 0:00:30]} Nxd2+ {[%emt 0:00:30]} 0-1